header

Teaching with love & logic : (Record no. 258566)

MARC details
000 -LEADER
fixed length control field 00535nam a22001817a 4500
003 - CONTROL NUMBER IDENTIFIER
control field OSt
005 - DATE AND TIME OF LATEST TRANSACTION
control field 20230613162031.0
008 - FIXED-LENGTH DATA ELEMENTS--GENERAL INFORMATION
fixed length control field 200618b xxu||||| |||| 00| 0 eng d
010 ## - LIBRARY OF CONGRESS CONTROL NUMBER
LC control number 95014613
040 ## - CATALOGING SOURCE
Transcribing agency DLC
Language of cataloging DLC
Modifying agency DLC
050 ## - LIBRARY OF CONGRESS CALL NUMBER
Classification number LB3012.2
Item number .F39 1995
100 ## - MAIN ENTRY--PERSONAL NAME
Personal name Fay, Jim.
245 ## - TITLE STATEMENT
Title Teaching with love & logic :
Remainder of title taking control of the classroom /
Statement of responsibility, etc Jim Fay & David Funk.
250 ## - EDITION STATEMENT
Edition statement 1st ed.
260 ## - PUBLICATION, DISTRIBUTION, ETC. (IMPRINT)
Place of publication, distribution, etc Golden, CO :
Name of publisher, distributor, etc Love and Logic Press,
Date of publication, distribution, etc c1995.
300 ## - PHYSICAL DESCRIPTION
Extent xv, 399 p. :
Other physical details ill. ;
Dimensions 24 cm.
942 ## - ADDED ENTRY ELEMENTS (KOHA)
Source of classification or shelving scheme Library of Congress Classification
Koha item type Long Loan Books
Holdings
Withdrawn status Lost status Source of classification or shelving scheme Damaged status Not for loan Home library Current library Shelving location Date acquired Total Checkouts Full call number Barcode Date last seen Price effective from Koha item type
    Library of Congress Classification     Rongo University Library Rongo University Library General Stacks 18/06/2020   LB3012.2.F39 1995 201800943 18/06/2020 18/06/2020 Long Loan Books

© 2026 Rongo University
Contact us: librarian | system librarian | Rongo university